九歌...散文選 . 一○三年

資料類型: Book 圖書   書目號:48821

Leader xxxxxxxxxx
001 __ PCLIS00048821
005 __ 20220613090558.0
010 0_ |a978-957-444-987-3|b平裝|dNT$400
100 __ |a20150417d2015    m  y0chiy09      e
101 0_ |achi
102 __ |atw
105 __ |ac   z   000cd
200 1_ |a九歌...散文選|h一○三年|f阿盛主編
205 __ |a初版
210 __ |a臺北市|c九歌|d2015[民104]
215 0_ |a446面|c|d21公分
225 1_ |a九歌文庫|v1183
300 __ |a版權頁及封面英文題名: Collected essays 2014
300 __ |a主編阿盛本名楊敏盛
300 __ |a作者號取自題名
300 __ |a附錄: 一○三年年度散文紀事 / 杜秀卿
410 _0 |12001 |a九歌文庫|v1183
500 11 |a九歌散文選|m中文
517 1_ |a九歌一○三|e散文選|zchi
517 1_ |a九歌103年 散文選|zchi
512 11 |a散文選|e九歌一○三年 散文選|zchi
517 1_ |aCollected essays 2014|zeng
517 1_ |a九歌一○三年 散文選|zchi
517 1_ |a九歌103年散文選|zchi
606 __ |2cst|a散文
681 __ |a855|b8677
681 __ |a855|b8694
700 _1 |a|b敏盛|f1950- |4主編
801 _0 |atw|b內湖高中|c20140417|gCCR
801 _2 |atw|b內湖高中|c20220613|gCCR
詳細館藏(共 1 筆)
索 書 號登 錄 號冊次號館別 / 館藏地流通類型狀態加入預約清單電子資源
855 / 8677 1022715 2014 圖書館 / 一樓普通區 可外借30天 在館   

| 條列資料




目錄查詢 分類查詢 個人資料 圖書薦購 新書查詢 閉館日 排行榜 更多電子資源 Hami書城 線上資料庫 登出

From : 216.73.216.116

  本日流通累計至 02:32:47 借閱 : 0 次 續借 : 0 次 歸還 : 0 次 預約 : 0 次 電子資源 : 0 次


內湖高中圖書館  PCLIS 版本  25.5.0.2